00954nam a2200289 i 450000500170000000700030001700800410002002000180006104000350007904100080011408200220012210000300014424500410017425000440021526400510025930000250031033600270033533700330036233800280039549000200042352100380044354500550048165000560053665000450059294200120063799900150064920220317002015.0ta121119r20192014ck e 000 0dspa d a9789587202281 aCO-BoRNBPbspaerdacCO-BoRNBP0 aspa04a079.861bR38t2221 aRivas, Luis Migueld1969-10aTareas no hechas cLuis Miguel Rivas aPrimera ediciónbCuarta reimpresión 1aMedellín bEditorial Universidad Eafitc2019 a229 páginasc22 cm atextobtxt2rdacontent asin mediaciónbn2rdamedia avolumenbnc2rdacarrier0 aLetras x letras aRecomendado para público adulto aIncluye datos biográficos del autor en la solapa172LEMBaCrónicas colombianasySiglo XXvColecciones172LEMBaPeriodismo colombianovColecciones 2ddccBK c8875d8875